| 000 | 00816nam a22002535i 4500 | ||
|---|---|---|---|
| 001 | 176045 | ||
| 003 | ES-MaACL | ||
| 005 | 20230906215955.0 | ||
| 007 | t| | ||
| 008 | 101213s1955 sp a r ||||1| spa d | ||
| 080 | _a677.054.4 | ||
| 100 | 1 |
_aMaier, Hans. _9144273 |
|
| 245 | 1 | 0 |
_aTelares automáticos / _cpor Hans Maier ; traducción por F. Armenter. |
| 250 | _a1ª ed. | ||
| 260 |
_aBarcelona ; Buenos Aires : _bJosé Montesó, _c1955. |
||
| 300 |
_a245 p. : _bil. bl. y n. ; _c22 cm. |
||
| 490 | 1 |
_aBiblioteca de técnica textil ; _v4 |
|
| 594 | _aTít. original: Automatenwebstühle. | ||
| 650 | 4 |
_aTelares. _9144274 |
|
| 700 | 1 |
_aArmenter de Monasterio, Federico. _922956 |
|
| 830 | 0 |
_aBiblioteca de técnica textil ; _v4 _9189915 |
|
| 852 |
_aES-MaACL _jE-13782 _xOlim P-909 |
||
| 999 |
_c176045 _d176045 |
||